000 00979pam a2200265 a 4500
001 117477
005 20230410105537.0
008 900308s1990 dcua b 101 0 eng
010 _a90033670
020 _a0881321257
040 _aDLC
_cDLC
_dDLC
043 _acl-----
050 1 4 _aHC125
_b.L357 1990
082 0 0 _a338.98
_220
245 0 0 _aLatin American adjustment :
_bhow much has happened? /
_cJohn Williamson, editor.
260 _aWashington, D.C. :
_bInstitute for International Economics,
_c1990.
300 _axv, 445 p. :
_bill. ;
_c23 cm.
500 _a"Papers and proceedings of a conference held by the Institute in November 1989"--P. xiii.
504 _aIncluye referencias bibliográficas e índice, P 421-427.
651 0 _aLatin America
_xEconomic policy
_xCongresses.
650 0 _aEconomic stabilization
_zLatin America
_xCongresses.
700 1 _aWilliamson, John,
_d1937-
710 2 _aInstitute for International Economics (U.S.)
942 _2lcc
_cbk
999 _c38902
_d38902